000 00510nam a2200181Ia 4500
999 _c36303
_d36303
003 OSt
005 20201211133212.0
008 190216s9999||||xx |||||||||||||| ||und||
020 _a0862729092
040 _coclc
082 _a591
_bGAN/I
100 _aGaneri, Anitha
_97406
245 0 _aI Wonder Why Camels Have Humps /
_cAnitha Ganeri
260 _bKingfisher Books,
_c1993.
_aLondon:
300 _a32p
650 _aCamels Have Humps
942 _cREF
_2ddc
_h591
_iGAN/I
_k591
_mGAN/I